01644nam a2200193 a 4500090002100000041000800021100003000029245021900059260005300278300001000331520081500341650002601156650002501182650003101207650003601238662004901274773011201323999001501435 aIAVHb00765 CD-1 aspa aFagua, José Camilo9604 aDistribución espacial, hábitat disponible y dinámica poblacional de Aniba perutilis (Lauraceae) en tres fragamentos de bosque muy húmedo premontano del flanco occidental de la Cordillera Central de Colombia aBogotábInstituto Alexander von Humboldtc2006 a52 p. aSe determinó que los individuos en la reserva forestal Bremen no son una población sino un grupo de recolonización, razón por la cual solo se estimaron estadísticos poblacionales dinámicos en los otros dos fragmentos de bosque, los cuales poseen dos poblaciones bien estructuradas. La población del cañón del Barbas persentó una tasa de desarrollo de 0.94 lo cual indica que está en decrecimiento y no es viable. La población de Otún-Quimbaya presentó una tasa de desarrollo de 1.04 lo cual indica que tiende a crecer y es viable, pero es suceptible a decrecer. En general se encontró un muy bajo número de individuos reproductivos, lo que unido a una baja disponibilidad de hábitat y a una estructura poblacional partida, seguramente está generando inviabilidad genética. aConservación992401 aBiodiversidad992204 aReservas forestales992525 aDinámica de poblaciones93491 aColombiacReserva Forestal BremenbRisaralda0 0598699704abdBogotá Informatica documental 2007o024802tInformes de investigaciones IAVH en PDFwxz c6032d6032